000 00280nam a22001337a 4500
008 181107b xxu||||| |||| 00| 0 eng d
020 _a9780763740634
041 _aeng
080 _a616.073
100 _a6
101 _aGJEN
245 _aGenes IX
_cLewin, B
942 _2udc
_cBK
999 _c52219
_d52219